Kalamantina-Saint Levant - Statistics

General Stats
  • This quiz has been taken 5 times
  • The average score is 190 of 389
Answer Stats
Answer % Correct
I
80%
killing
80%
me
80%
so
80%
you
80%
صرلي
60%
زمان
60%
ما
60%
خجلتش
60%
من
60%
وحدة
60%
بتطلع
60%
في
60%
لما
60%
دخلت
60%
الغرفة
60%
انك
60%
مش
60%
لي
60%
عاملة
60%
حالك
60%
طيب
60%
ماشي
60%
يا
60%
غالي
60%
اذا
60%
هيك
60%
الحلوة
60%
بتتصرف
60%
و
60%
dont
60%
lie
60%
slow
60%
softly
60%
to
60%
wanna
60%
why
60%
عرفاني
40%
شكله
40%
قشرت
40%
الكلمنتينا
40%
زي
40%
سدقتش
40%
با
40%
and
40%
بيبي|baby
40%
baby
40%
be
40%
but
40%
for
40%
good
40%
if
40%
know
40%
let
40%
life
40%
like
40%
looking
40%
love
40%
meant
40%
might
40%
mine
40%
my
40%
of
40%
اوكيه|okay
40%
remedy
40%
style
40%
the
40%
then
40%
think
40%
tonight
40%
want
40%
was
40%
were
40%
هتعذبني
20%
نينا|بنينا
20%
الجاتوه
20%
رومانسي
20%
انا
20%
حبيبة
20%
دخلتي
20%
جشرت
20%
قلبي
20%
مهما
20%
عملتي
20%
ايديكي
20%
عيني
20%
عين
20%
تانية
20%
تتمني
20%
امورة
20%
اشوف
20%
كدا
20%
شطورة
20%
معاكي
20%
سحابة
20%
على
20%
سما
20%
سابعة
20%
هنزل
20%
سيب
20%
الليلة
20%
حبي
20%
للعشق
20%
الشوق
20%
about
20%
all
20%
ايه|ay
20%
ay|ايه
20%
ayy
20%
babe
20%
became
20%
bro
20%
cant
20%
eye
20%
first
20%
from
20%
froze
20%
got
20%
her
20%
how
20%
Im
20%
in
20%
infront
20%
it
20%
just
20%
looked
20%
made
20%
met
20%
moment
20%
nervous
20%
not
20%
oh|اوه
20%
out
20%
right
20%
said
20%
say
20%
she
20%
something
20%
taking
20%
talking
20%
theres
20%
this
20%
time
20%
took
20%
usually
20%
very
20%
vibe
20%
with
20%
your
20%
zone
20%
سدقتس
0%
الصورة
0%
بتجنن
0%
No matching quizzes found
Score Distribution
Percent of People with Each Score
Percentile by Number Answered
Your Score History
You have not taken this quiz